| 000 | 00420nam a22001697a 4500 | ||
|---|---|---|---|
| 020 | _a0135457564 | ||
| 082 | _a330HEI | ||
| 100 | _aHeilbroner, Robert | ||
| 245 | _aThe making of economic society | ||
| 250 | _a4th ed | ||
| 260 |
_aLondon _bPrentice- Hall _c1972 |
||
| 300 |
_axi,272 _bill,25cm |
||
| 500 | _aIncludes Index | ||
| 650 | _aThe making of economic society | ||
| 700 | _aHeilbroner, Robert | ||
| 942 | _cBK | ||
| 999 |
_c14344 _d14344 |
||